|
|
|
|
| LEADER |
01045nam a2200265 a 4500 |
| 001 |
13578591 |
| 008 |
100731s2003 ilua b 001 0 eng d |
| 010 |
|
|
|a 2004273179
|
| 020 |
|
|
|a 0808010018
|
| 040 |
|
|
|a MoU
|c MoU
|d OCLCQ
|d DLC
|d DB-DhAAL
|
| 082 |
0 |
0 |
|a 347.73/67
|2 22
|
| 100 |
1 |
|
|a Crumbley, D. Larry.
|
| 245 |
1 |
0 |
|a Forensic and investigative accounting /
|c D. Larry Crumbley, Lester E. Heitger, G. Stevenson Smith.
|
| 260 |
|
|
|a Chicago, IL :
|b CCH Inc.,
|c c2003.
|
| 300 |
|
|
|a 1 v. (various pagings) :
|b ill. ;
|c 29 cm.
|
| 504 |
|
|
|a Includes bibliographical references and index.
|
| 541 |
1 |
|
|e 00014811
|
| 650 |
|
0 |
|a Forensic accounting
|z United States.
|
| 650 |
|
0 |
|a Evidence, Expert
|z United States.
|
| 650 |
|
0 |
|a Fraud investigation
|z United States.
|
| 700 |
1 |
|
|a Heitger, Lester E.
|
| 700 |
1 |
|
|a Smith, G. Stevenson.
|
| 852 |
4 |
|
|a Ayesha Abed Library
|j General Shelf.
|
| 999 |
|
|
|c 9285
|d 9285
|
| 952 |
|
|
|0 0
|1 0
|2 ddc
|4 0
|6 347_736700000000000_CRU_2003
|7 0
|9 17865
|a BRACUL
|b BRACUL
|c GEN
|d 2011-08-18
|l 0
|o 347.7367 CRU
|p 3010014811
|r 2011-08-18
|t 1
|w 2011-08-18
|y BK
|